| 000 | 00747 a2200229 4500 | ||
|---|---|---|---|
| 005 | 20251029105627.0 | ||
| 008 | 251029b |||||||| |||| 00| 0 eng d | ||
| 020 | _a9780745346908 (pbk) | ||
| 037 | _cTB | ||
| 040 |
_aCRL _cCRL |
||
| 041 |
_2eng _aeng |
||
| 084 |
_aY:(G:5) R5 _qCRL |
||
| 100 |
_aFinley, Eleanor _9821975 |
||
| 245 |
_aPracticing social ecology: _bfrom bookchin to rohava and beyond |
||
| 260 |
_aLondon, UK; _bPluto Press, _c2025. |
||
| 300 | _axiii, 198p. | ||
| 365 |
_b16.99 _cUKP |
||
| 650 |
_aSociology _9849766 |
||
| 650 |
_aEcology _9849767 |
||
| 942 |
_cTB _2CC _n0 _hY:(G:5) R5 |
||
| 999 |
_c1435812 _d1435812 |
||